[Event "Veliko Gradiste Silver Lake op-B"]
[Site "Veliko Gradiste"]
[Date "2017.06.22"]
[Round "6"]
[White "Desic, Zoran"]
[Black "Kostic, Vasilije"]
[Result "1-0"]
[WhiteElo "2014"]
[BlackElo "1875"]
[PlyCount "155"]
[EventDate "2017.06.18"]
[EventType "swiss"]
[EventRounds "9"]
[EventCountry "SRB"]
[SourceTitle "CBM 179 Extra"]
[Source "ChessBase"]
[SourceDate "2017.08.23"]
[SourceVersion "1"]
[SourceVersionDate "2017.08.23"]
[SourceQuality "1"]

1. e4 e5 2. Nf3 Nc6 3. Bb5 a6 4. Ba4 Nf6 5. 0-0 b5 6. Bb3 Be7 7. Re1 d6 8. h3 0-0 9. c3 Na5 10. Bc2 c5 11. d4 Qc7 12. Bg5 cxd4 13. cxd4 Bd7 14. Nc3 Rac8 15. Rc1 Nc4 16. Bxf6 Bxf6 17. Nd5 Nxb2 18. Nxf6+ gxf6 19. Qd2 Qd8 20. Bb3 Nc4 21. Bxc4 bxc4 22. dxe5 dxe5 23. Rc3 Be6 24. Qh6 Kh8 25. Ree3 Qe7 26. Nh4 Rg8 27. Rf3 Rcd8 28. Rxf6 Rd3 29. Rf3 Qd8 30. Kh2 Rg7 31. Rfxd3 cxd3 32. Nf3 f6 33. Rc6 Qf8 34. g3 Bxa2 35. Rxf6 Qc5 36. Ng5 d2 37. Nxh7 Rxh7 38. Qxd2 Qc8 39. h4 Bc4 40. Qd6 Qc7 41. Rf8+ Bg8 42. Qxa6 Qe7 43. Qc8 Qg5 44. Kg1 Qg6 45. Qb8 Re7 46. Rf5 Re8 47. Qc7 Qg7 48. Qd6 Qe7 49. Rh5+ Bh7 50. Qg6 Rg8 51. Qf5 Re8 52. g4 Kg8 53. Rg5+ Kh8 54. Qf3 Rf8 55. Qc3 Rf4 56. f3 Qf6 57. Kg2 Bg8 58. Rxe5 Qg7 59. Kg3 Rf8 60. Qc5 Bh7 61. Rg5 Qh6 62. Qe5+ Qf6 63. h5 Qxe5+ 64. Rxe5 Kg7 65. g5 Bg8 66. Kg4 Rf7 67. f4 Rc7 68. f5 Kf7 69. h6 Bh7 70. Re6 Rc4 71. Kf4 Bg8 72. g6+ Kf8 73. Rb6 Rc8 74. f6 Re8 75. e5 Rc8 76. Rb7 Rd8 77. h7 Rd4+ 78. Kf5 1-0

[Event "SRB-chT3 East"]
[Site "Serbia"]
[Date "2015.10.17"]
[Round "10.22"]
[White "Marinkovic, Velibor"]
[Black "Desic, Zoran"]
[Result "1-0"]
[WhiteElo "2090"]
[BlackElo "2038"]
[PlyCount "112"]
[EventDate "2015.09.06"]
[EventType "team-tourn"]
[EventRounds "11"]
[EventCountry "SRB"]
[SourceTitle "EXT 2022"]
[Source "ChessBase"]
[SourceDate "2021.10.06"]
[SourceVersion "1"]
[SourceVersionDate "2021.10.06"]
[SourceQuality "1"]

1. e4 c5 2. Nc3 g6 3. g3 Bg7 4. Bg2 d6 5. d3 Nf6 6. Nge2 0-0 7. 0-0 Nc6 8. h3 a6 9. f4 e6 10. g4 h5 11. g5 Ne8 12. h4 Nd4 13. Ng3 f5 14. exf5 Nxf5 15. Nxf5 exf5 16. Re1 Nc7 17. Nd5 Kh7 18. c3 Nxd5 19. Bxd5 Ra7 20. Be3 b6 21. Qf3 Re7 22. Bf2 Rfe8 23. Rxe7 Rxe7 24. Re1 Bd7 25. Rxe7 Qxe7 26. Qe3 Qd8 27. Kf1 b5 28. Be1 a5 29. a3 b4 30. cxb4 Bd4 31. Qe2 axb4 32. axb4 Qe8 33. Qxe8 Bxe8 34. bxc5 dxc5 35. Bc3 Be3 36. Be5 Bb5 37. Ke2 Bc1 38. b3 Bd7 39. Bd6 Bb5 40. Bxc5 Bxf4 41. Kf3 Bd2 42. d4 Be1 43. Bc4 Bd7 44. d5 Bxh4 45. Kf4 Be1 46. Ke3 h4 47. Bf1 Bg3 48. Kf3 Kg7 49. b4 f4 50. b5 h3 51. b6 Bc8 52. Bxh3 Ba6 53. Bd7 Kf7 54. Bc6 Bd3 55. b7 Ba6 56. b8Q Be2+ 1-0

[Event "Paracin-ch"]
[Site "Paracin"]
[Date "2014.01.19"]
[Round "9"]
[White "Jovanovic, Aleksandar D"]
[Black "Desic, Zoran"]
[Result "1-0"]
[WhiteElo "2227"]
[BlackElo "2055"]
[PlyCount "65"]
[EventDate "2014.01.10"]
[EventType "swiss"]
[EventRounds "9"]
[EventCountry "SRB"]
[SourceTitle "CBM 158 Extra"]
[Source "ChessBase"]
[SourceDate "2014.02.28"]
[SourceVersion "1"]
[SourceVersionDate "2014.02.28"]
[SourceQuality "1"]

1. b4 e6 2. Bb2 Nf6 3. a3 d5 4. e3 Nbd7 5. c4 c6 6. f4 a5 7. b5 c5 8. Nf3 b6 9. Qc2 Bb7 10. Nc3 Qc7 11. 0-0-0 0-0-0 12. Ng5 Nb8 13. Na4 h6 14. Nxb6+ Qxb6 15. Nxf7 Be7 16. Qg6 Rhg8 17. Nxd8 Qxd8 18. Qf7 Nbd7 19. Qxe6 dxc4 20. Bxc4 Kb8 21. d4 Qc7 22. Qxe7 Re8 23. b6 Qxb6 24. Qxg7 cxd4 25. Rxd4 Qc6 26. Kb1 Rxe3 27. Rc1 Nc5 28. Rd8+ Ka7 29. Bxf6 Qe4+ 30. Ka2 Re2+ 31. Ka1 Rc2 32. Ra8+ Kxa8 33. Qf8+ 1-0

[Event "Paracin-ch"]
[Site "Paracin"]
[Date "2014.01.12"]
[Round "4"]
[White "Desic, Zoran"]
[Black "Djordjevic, Vuk D"]
[Result "0-1"]
[WhiteElo "2055"]
[BlackElo "2114"]
[PlyCount "138"]
[EventDate "2014.01.10"]
[EventType "swiss"]
[EventRounds "9"]
[EventCountry "SRB"]
[SourceTitle "CBM 158 Extra"]
[Source "ChessBase"]
[SourceDate "2014.02.28"]
[SourceVersion "1"]
[SourceVersionDate "2014.02.28"]
[SourceQuality "1"]

1. e4 c5 2. Nf3 d6 3. d4 cxd4 4. Nxd4 Nf6 5. Nc3 g6 6. Be3 Bg7 7. Qd2 Ng4 8. Bb5+ Bd7 9. Bxd7+ Nxd7 10. Bg5 0-0 11. 0-0 Ngf6 12. Rab1 Re8 13. Nf3 Rc8 14. Rfc1 a6 15. h3 b5 16. a3 Rc4 17. Qe2 Qa8 18. Nd2 Rc7 19. Na2 Rec8 20. c3 Qb7 21. f3 Ne5 22. Be3 Nc4 23. Nxc4 bxc4 24. Qf2 Rb8 25. Nb4 a5 26. Nc2 Nd7 27. Kh1 Ne5 28. Ne1 Qc6 29. Bd4 Rcb7 30. Ba7 Rc8 31. Bd4 Nd7 32. Nc2 Bxd4 33. cxd4 Qa4 34. Ne3 Nf8 35. Nd5 e6 36. Nf6+ Kg7 37. e5 c3 38. bxc3 Qxa3 39. Ra1 Qb3 40. Qh4 dxe5 41. dxe5 h6 42. c4 Nh7 43. Ne4 Rxc4 44. Rcb1 Qxb1+ 45. Rxb1 Rxb1+ 46. Kh2 Rb8 47. Qe7 Rxe4 48. fxe4 Rb4 49. Qc5 Rxe4 50. Qxa5 Rd4 51. Qc7 Rd5 52. Kg3 Nf8 53. h4 h5 54. Kf4 Rd4+ 55. Ke3 Rxh4 56. Qe7 Rg4 57. Qf6+ Kg8 58. Kf3 Nh7 59. Qd8+ Kg7 60. Kf2 Rf4+ 61. Ke3 Rf5 62. Ke4 Nf8 63. g4 hxg4 64. Qh4 g5 65. Qh5 Ng6 66. Kd4 Nxe5 67. Ke3 Kf6 68. Ke4 Rf4+ 69. Ke3 Rf3+ 0-1

[Event "SRB-chT 1st League"]
[Site "Valjevo"]
[Date "2010.09.21"]
[Round "5"]
[White "Bojkov, Dejan"]
[Black "Desic, Zoran"]
[Result "1-0"]
[WhiteElo "2552"]
[BlackElo "2130"]
[PlyCount "83"]
[EventDate "2010.09.18"]
[EventType "team"]
[EventRounds "11"]
[EventCountry "SRB"]
[SourceTitle "CBM 138 Extra"]
[Source "ChessBase"]
[SourceDate "2010.10.29"]
[SourceVersion "1"]
[SourceVersionDate "2010.10.29"]
[SourceQuality "1"]

1. e4 c5 2. Nf3 g6 3. c3 Bg7 4. d4 cxd4 5. cxd4 Nf6 6. Nc3 0-0 7. e5 Ne8 8. Bc4 Nc6 9. Qe2 d6 10. h3 Nc7 11. 0-0 d5 12. Bb3 b6 13. Rd1 Ba6 14. Qe1 Na5 15. Bc2 Rc8 16. Bb1 f6 17. b3 fxe5 18. Nxe5 Ne6 19. Nxg6 Rf6 20. Ne5 Nc6 21. Nxc6 Rxc6 22. Be3 Nf4 23. Qd2 Nxh3+ 24. gxh3 Qc8 25. Kh2 Rxc3 26. Rg1 Qc7+ 27. Rg3 Rf3 28. Kg2 Rxg3+ 29. fxg3 Bh6 30. Bf4 Bxf4 31. gxf4 e6 32. Qe1 Qg7+ 33. Kh2 Rc6 34. Qh4 Rc8 35. Bxh7+ Kf7 36. Qh5+ Kf8 37. Rd1 Rc7 38. Bg6 Ke7 39. Qg5+ Kd7 40. f5 Rc2+ 41. Kh1 Re2 42. Be8+ 1-0